Sentimento do mundo (Record no. 75276)

MARC details
000 -LÍDER
campo de controle de tamanho fixo 00364 a2200157 4500
001 - NÚMERO DE CONTROLE
campo de controle 75276
020 ## - ISBN - INTERNATIONAL STANDARD BOOK NUMBER
ISBN - International Standard Book Number 9788535921182
040 ## - FONTE DA CATALOGAÇÃO
Instituição que transcreveu o registro Anchieta - Colégio São Paulo
100 ## - ENTRADA PRINCIPAL--NOME PESSOAL
Nome pessoal Andrade, Carlos Drummond de
240 10 - TÍTULO UNIFORME
Título uniforme Sentimento do mundo
Idioma da obra por
245 10 - TÍTULO
Título Sentimento do mundo
300 ## - DESCRIÇÃO FÍSICA
Extensão 75
362 0# - DATAS DE PUBLICAÇÃO E/OU DESIGNAÇÃO SEQUENCIAL
Datas de publicação e/ou designação sequencial 2012
650 #4 - ASSUNTO--TERMO TÓPICO
Cabeçalho tópico ou nome geográfico Poesia brasileira
942 ## - ELEMENTOS DE ENTRADA ADICIONADOS (KOHA)
Tipo de material Koha Livros
Holdings
Situação do descarte Situação das perdas Situação física Não pode ser emprestado Biblioteca de origem Biblioteca atual Data de aquisição Total de empréstimos Número de chamada completo Código de barras Data de último acesso Data do preço efetivo Tipo de material Koha
        Colégio São Paulo Colégio São Paulo 22/11/2023   869.91 A5531s 6680/CSP 22/11/2023 22/11/2023 Livros
        Colégio São Paulo Colégio São Paulo 22/11/2023   869.91 A5531s 6681/CSP 22/11/2023 22/11/2023 Livros